[Event "FIDE World Bl Team Pool D"]
[Site "London ENG"]
[Date "2025.06.14"]
[Round "11.6"]
[White "Letoret, Tim"]
[Black "Andries, Leia"]
[Result "1/2-1/2"]
[WhiteElo "1907"]
[BlackElo "1830"]
[WhiteTeam "Uppsala SSS"]
[BlackTeam "Danish Futures"]
[WhiteFideId "269638"]
[BlackFideId "1469207"]
[EventDate "2025.06.14"]
[EventType "team"]

1. e4 c5 2. d4 cxd4 3. c3 dxc3 4. Nxc3 Nc6 5. Nf3 d6 6. Bc4 a6 7. O-O Nf6 8. Qe2
Bg4 9. Rd1 Bxf3 10. Qxf3 Ne5 11. Qe2 Nxc4 12. Qxc4 e6 13. e5 d5 14. Qa4+ b5 15.
Qd4 Nd7 16. Bf4 Bc5 17. Qd3 O-O 18. Rac1 Rc8 19. Qg3 Kh8 20. Bg5 Be7 21. Bf4 Nb6
22. Ne2 Qd7 23. Nd4 Rxc1 24. Rxc1 Rc8 25. Qe3 Nc4 26. Qc3 Nb6 27. Qd2 h6 28. h3
Nc4 29. Qc2 Nb6 30. Qd2 Bc5 31. Nf3 Nc4 32. Qc2 Nb6 33. Qd2 Rc7 34. b3 Qc8 35.
Kh2 Be7 36. Rxc7 Qxc7 37. h4 Ba3 38. Nd4 Nd7 39. Qd3 Nc5 40. Qd2 Ne4 41. Qe1 Bc5
42. Nf3 Ba7 43. Bg3 Nxg3 44. fxg3 Qc2 45. Qa5 Qc6 46. a3 d4 47. Nxd4 Bxd4 48.
Qd8+ Kh7 49. Qxd4 a5 50. Kh3 a4 51. bxa4 bxa4 52. g4 g6 53. g3 Qb5 54. Qf4 Qd7
55. g5 h5 56. g4 Qd3+ 57. Kg2 Qc2+ 58. Kh3 hxg4+ 59. Kxg4 Qd1+ 60. Kg3 Qd3+ 61.
Kg4 Qd1+ 62. Kg3 Qd3+ 1/2-1/2

[Event "FIDE World Bl Team Pool D"]
[Site "London ENG"]
[Date "2025.06.14"]
[Round "11.1"]
[White "Navara, David"]
[Black "Kawuma, Patrick"]
[Result "1-0"]
[WhiteTitle "GM"]
[BlackTitle "FM"]
[WhiteElo "2657"]
[BlackElo "2231"]
[WhiteTeam "Hetman GKS Katowice"]
[BlackTeam "Equity Bank, Kenya"]
[WhiteFideId "309095"]
[BlackFideId "10000127"]
[EventDate "2025.06.14"]
[EventType "team"]

1. d4 Nf6 2. c4 e6 3. Nc3 Bb4 4. e3 O-O 5. Bd3 c5 6. Nf3 cxd4 7. exd4 d5 8. cxd5
Qxd5 9. O-O Qh5 10. Bg5 Nc6 11. Bxf6 gxf6 12. Ne4 Be7 13. Qd2 Kh8 14. Ng3 Qg4
15. h3 Qg8 16. a3 Rd8 17. Be4 Nxd4 18. Nxd4 e5 19. Rfd1 Rxd4 20. Qc3 Rxd1+ 21.
Rxd1 Be6 22. Bxb7 Rd8 23. Rxd8 Qxd8 24. Be4 Qc8 25. Qf3 Qc1+ 26. Kh2 Qxb2 27.
Qh5 f5 28. Nxf5 Qxf2 29. Ng3 f5 30. Qe8+ Bg8 31. Qxe7 fxe4 32. Qxe5+ 1-0

[Event "FIDE World Bl Team Pool D"]
[Site "London ENG"]
[Date "2025.06.14"]
[Round "11.2"]
[White "Gurevich, Artjom"]
[Black "Klimkowski, Jan"]
[Result "0-1"]
[BlackTitle "GM"]
[WhiteElo "2183"]
[BlackElo "2508"]
[WhiteTeam "Equity Bank, Kenya"]
[BlackTeam "Hetman GKS Katowice"]
[WhiteFideId "2603870"]
[BlackFideId "21856222"]
[EventDate "2025.06.14"]
[EventType "team"]

1. d4 Nf6 2. Nf3 e6 3. c4 d5 4. g3 dxc4 5. Bg2 Bb4+ 6. Bd2 c5 7. O-O O-O 8. dxc5
Bxc5 9. Qc2 Nc6 10. Qxc4 Be7 11. Nc3 e5 12. Rfd1 Be6 13. Qb5 Qc7 14. e3 Rad8 15.
Be1 a6 16. Qe2 Nb4 17. Rac1 Bc4 18. Na4 Bxe2 19. Rxc7 Rxd1 0-1

[Event "FIDE World Bl Team Pool D"]
[Site "London ENG"]
[Date "2025.06.14"]
[Round "11.3"]
[White "Seemann, Jakub"]
[Black "Andiwoh, Moses"]
[Result "1-0"]
[WhiteTitle "IM"]
[WhiteElo "2450"]
[BlackElo "1796"]
[WhiteTeam "Hetman GKS Katowice"]
[BlackTeam "Equity Bank, Kenya"]
[WhiteFideId "21874697"]
[BlackFideId "10801502"]
[EventDate "2025.06.14"]
[EventType "team"]

1. e4 d5 2. exd5 Nf6 3. d4 Bg4 4. Nf3 Qxd5 5. Be2 e6 6. O-O Bd6 7. Be3 Nc6 8. h3
h5 9. c4 Qf5 10. Nh4 Bxe2 11. Nxf5 Bxd1 12. Nxd6+ cxd6 13. Rxd1 d5 14. b3 dxc4
15. bxc4 O-O 16. Nd2 b6 17. Nb3 Rfd8 18. Rac1 Rd7 19. Kf1 Rad8 20. Ke2 Kf8 21.
f3 Ke7 22. g4 hxg4 23. hxg4 Rh8 24. Rh1 Rdd8 25. a3 Nd7 26. Rce1 Nf6 27. Kf2 Rc8
28. Ke2 Nb8 29. Kd3 Nbd7 30. Bf4 Rcg8 31. a4 Nf8 32. Bc1 Ng6 33. a5 Rxh1 34.
Rxh1 Rh8 35. Rxh8 Nxh8 36. Bf4 Nd7 37. c5 bxc5 38. dxc5 Ng6 39. Bd6+ Kd8 40. Nd4
Nge5+ 41. Ke4 Nc4 42. Nc6+ Kc8 43. Nxa7+ Kb7 44. Nb5 Nxa5 45. Nd4 Nc6 46. Ne2
Na5 47. Ng3 Kc6 48. Nh5 g6 49. Nf4 Nb7 50. Be7 Nbxc5+ 51. Ke3 e5 52. Nh3 Kd5 53.
Ng5 f6 54. Nh3 Ne6 55. Ba3 Ndc5 56. Nf2 Ng5 57. Bc1 Nge6 58. Ba3 Nd4 59. Bxc5
Kxc5 60. Ne4+ Kd5 61. Nxf6+ Ke6 62. Ne4 Nc2+ 63. Kd3 Nb4+ 64. Kc4 Nd5 65. Nc5+
Kd6 66. Nb7+ Ke6 67. Nd8+ Kd6 68. Nf7+ Ke6 69. Ng5+ Kd6 70. Kd3 Ke7 71. Ke4 Kd6
72. Nf7+ Ke6 73. Nd8+ Kd6 74. Nb7+ Ke6 75. Nc5+ Kd6 76. Nd3 Nc3+ 77. Ke3 Kd5 78.
Nb4+ Kc4 79. Nc6 Kd5 80. Ne7+ Ke6 81. Nxg6 Kf6 82. Nh4 Nd5+ 83. Ke4 Nc3+ 84. Kd3
Nd5 85. Ng2 Nf4+ 86. Nxf4 exf4 87. Ke4 1-0

[Event "FIDE World Bl Team Pool D"]
[Site "London ENG"]
[Date "2025.06.14"]
[Round "11.4"]
[White "Kuka Kyle"]
[Black "Cieslak, Patryk"]
[Result "0-1"]
[BlackTitle "FM"]
[WhiteElo "1892"]
[BlackElo "2442"]
[WhiteTeam "Equity Bank, Kenya"]
[BlackTeam "Hetman GKS Katowice"]
[WhiteFideId "10831533"]
[BlackFideId "21078882"]
[EventDate "2025.06.14"]
[EventType "team"]

1. e4 g6 2. d4 Bg7 3. Nf3 c6 4. a4 d5 5. Nc3 dxe4 6. Nxe4 Nf6 7. Nxf6+ exf6 8.
Be3 O-O 9. Be2 Re8 10. O-O a5 11. Re1 Na6 12. c3 Nc7 13. Qd2 Be6 14. Bh6 Bh8 15.
h4 Qd7 16. h5 Nd5 17. Rad1 Ne7 18. Qf4 Nf5 19. g4 Nxh6 20. Qxh6 Bg7 21. Qf4 Bxg4
22. hxg6 hxg6 23. Kg2 Qf5 24. Qg3 Bh5 25. Kh2 Rxe2 0-1

[Event "FIDE World Bl Team Pool D"]
[Site "London ENG"]
[Date "2025.06.14"]
[Round "11.5"]
[White "Saduakassova, Dinara"]
[Black "Kabugu, Njagi"]
[Result "1-0"]
[WhiteTitle "IM"]
[WhiteElo "2435"]
[BlackElo "1682"]
[WhiteTeam "Hetman GKS Katowice"]
[BlackTeam "Equity Bank, Kenya"]
[WhiteFideId "13700090"]
[BlackFideId "10806075"]
[EventDate "2025.06.14"]
[EventType "team"]

1. d4 d6 2. Nf3 g6 3. g3 Bg7 4. Bg2 e6 5. O-O Ne7 6. e4 O-O 7. Be3 Nd7 8. Nc3 a6
9. Qd2 Rb8 10. h4 b5 11. a3 Nb6 12. b3 Bb7 13. Bh6 c5 14. Bxg7 Kxg7 15. h5 cxd4
16. h6+ Kg8 17. Qxd4 e5 18. Qe3 f5 19. Rad1 fxe4 20. Nxe4 Nf5 21. Qe2 Qe7 22.
Rfe1 d5 23. Nc3 e4 24. Nd4 Qe5 25. Nxf5 Rxf5 26. Qe3 Ba8 27. Ne2 Rd8 28. Qxb6
Rdf8 29. Rf1 R5f6 30. Qa7 R6f7 31. Qe3 Qh5 32. Nf4 Qxh6 33. Nxd5 Qxe3 34. Nxe3
Rc8 35. Rd4 Kg7 36. Bxe4 Re8 37. Bxa8 Rxa8 38. Rfd1 Raa7 39. Kg2 h5 40. Rd6 g5
41. Rc6 Rf8 42. Rd5 Raf7 43. Rxg5+ Kh7 44. Rxh5+ Kg7 45. Ng4 Rf5 46. Rxf5 Rxf5
47. Rxa6 Rc5 48. Ra5 Rg5 49. Ne3 Kf6 50. a4 1-0

[Event "FIDE World Bl Team Pool D"]
[Site "London ENG"]
[Date "2025.06.14"]
[Round "11.6"]
[White "Mutisya, Jully"]
[Black "Smolinski, Wojciech"]
[Result "0-1"]
[WhiteTitle "WCM"]
[WhiteElo "1822"]
[BlackElo "1987"]
[WhiteTeam "Equity Bank, Kenya"]
[BlackTeam "Hetman GKS Katowice"]
[WhiteFideId "10814922"]
[BlackFideId "21088683"]
[EventDate "2025.06.14"]
[EventType "team"]

1. d4 Nf6 2. Nf3 g6 3. Bf4 Bg7 4. e3 c5 5. c3 O-O 6. h3 d6 7. Be2 Nbd7 8. Nbd2
b6 9. O-O Bb7 10. Qc2 a6 11. a4 Qc7 12. Rfc1 Rac8 13. Qd3 Qb8 14. Bh2 Qa8 15. b4
cxb4 16. cxb4 Nd5 17. Qb3 Rxc1+ 18. Rxc1 Rc8 19. Rxc8+ Qxc8 20. Bc4 e6 21. Bxd6
N7f6 22. Be5 Qc6 23. e4 Ne7 24. Bxf6 Bxf6 25. d5 exd5 26. exd5 Nxd5 27. Ne4 Bg7
28. Qd3 Qe6 0-1

[Event "FIDE World Bl Team Pool D"]
[Site "London ENG"]
[Date "2025.06.14"]
[Round "11.1"]
[White "Orozbaev, Eldiyar"]
[Black "Sagalchik, Gennadij"]
[Result "1-0"]
[WhiteTitle "IM"]
[BlackTitle "GM"]
[WhiteElo "2367"]
[BlackElo "2434"]
[WhiteTeam "Noval Group Kyrgyzstan"]
[BlackTeam "Perfect"]
[WhiteFideId "13802240"]
[BlackFideId "2007916"]
[EventDate "2025.06.14"]
[EventType "team"]

1. e4 e5 2. Nf3 Nc6 3. Bc4 Nf6 4. Ng5 d5 5. exd5 Na5 6. Bb5+ c6 7. dxc6 bxc6 8.
Bd3 Be7 9. O-O O-O 10. Nc3 c5 11. b3 Bb7 12. Bb2 Nc6 13. Re1 Nd4 14. Rxe5 Bd6
15. Re1 Qc7 16. h3 Rae8 17. Nce4 Bh2+ 18. Kh1 Nd5 19. Bxd4 cxd4 20. Nxh7 f5 21.
Nxf8 fxe4 22. Bxe4 Rxf8 23. Qg4 Nf6 24. Qe6+ Kh8 25. Bxb7 Bf4 26. Bf3 Bxd2 27.
Re5 Qxc2 28. Rd1 Bf4 29. Rf5 Bb8 30. Qe7 Re8 31. Rh5+ 1-0

[Event "FIDE World Bl Team Pool D"]
[Site "London ENG"]
[Date "2025.06.14"]
[Round "11.2"]
[White "Atlas, Valery"]
[Black "Sharshenbekov, Emir"]
[Result "1-0"]
[WhiteTitle "IM"]
[BlackTitle "CM"]
[WhiteElo "2401"]
[BlackElo "2091"]
[WhiteTeam "Perfect"]
[BlackTeam "Noval Group Kyrgyzstan"]
[WhiteFideId "12000035"]
[BlackFideId "13810634"]
[EventDate "2025.06.14"]
[EventType "team"]

1. e4 e6 2. d4 d5 3. Nc3 Bb4 4. e5 c5 5. a3 Bxc3+ 6. bxc3 Ne7 7. h4 h5 8. Bd3
Nbc6 9. Nf3 Qa5 10. Bd2 Qa4 11. Be3 c4 12. Be2 Nf5 13. Ng5 Qa5 14. Qd2 Bd7 15.
a4 f6 16. exf6 gxf6 17. Nh3 O-O-O 18. Nf4 Nd6 19. Bf3 Rdg8 20. g3 Be8 21. Nxe6
Bg6 22. Bg2 Be4 23. f3 Bf5 24. Nf4 Rxg3 25. Kf2 Rgg8 26. Rag1 Re8 27. Re1 Bd7
28. Kg1 Nf5 29. Bf2 Rxe1+ 30. Bxe1 Nce7 31. Kh2 Qxa4 32. Bf2 Qc6 33. Re1 a5 34.
Bh3 Qd6 35. Kh1 a4 36. Bg1 Ng3+ 37. Kg2 Bxh3+ 38. Kxh3 Rg8 39. Bh2 Qd7+ 40. Ne6
Nef5 41. Qf4 b6 42. Bxg3 Nxg3 43. Qxf6 Kb7 44. Kh2 Ka6 45. Ng5 Nf5 46. Re5 Nxh4
47. Re7 Qf5 48. Qc6 Nxf3+ 49. Kh1 Qh3+ 50. Nxh3 1-0

[Event "FIDE World Bl Team Pool D"]
[Site "London ENG"]
[Date "2025.06.14"]
[Round "11.3"]
[White "Zhakshylykov, Erzhan"]
[Black "Zlotnik, Boris A"]
[Result "1-0"]
[WhiteTitle "IM"]
[BlackTitle "IM"]
[WhiteElo "2362"]
[BlackElo "2433"]
[WhiteTeam "Noval Group Kyrgyzstan"]
[BlackTeam "Perfect"]
[WhiteFideId "13804111"]
[BlackFideId "4101413"]
[EventDate "2025.06.14"]
[EventType "team"]

1. d4 Nf6 2. Nf3 e6 3. c4 Bb4+ 4. Nbd2 d5 5. Qa4+ Nc6 6. e3 O-O 7. a3 Be7 8. Qc2
a5 9. b3 Bd7 10. Bb2 Re8 11. Be2 Bf8 12. O-O Ne7 13. Rac1 c6 14. e4 dxe4 15.
Nxe4 Nxe4 16. Qxe4 Ng6 17. c5 Be7 18. Ne5 Bf6 19. Nc4 Be7 20. a4 Qc7 21. f4 1-0

[Event "FIDE World Bl Team Pool D"]
[Site "London ENG"]
[Date "2025.06.14"]
[Round "11.4"]
[White "Slavin, Gennadie"]
[Black "Iunusov, Nuriddin"]
[Result "0-1"]
[BlackTitle "CM"]
[WhiteElo "2207"]
[BlackElo "1953"]
[WhiteTeam "Perfect"]
[BlackTeam "Noval Group Kyrgyzstan"]
[WhiteFideId "4104870"]
[BlackFideId "13803026"]
[EventDate "2025.06.14"]
[EventType "team"]

1. e4 e5 2. Nc3 Nf6 3. Bc4 Nc6 4. d3 Be7 5. f4 d6 6. Nf3 exf4 7. Bxf4 Na5 8. Bb3
Nxb3 9. axb3 h6 10. O-O Be6 11. Qd2 Qd7 12. Rae1 O-O 13. h3 a6 14. Kh1 Rad8 15.
Nd4 Rfe8 16. Nxe6 Qxe6 17. Ne2 Nh5 18. Nd4 Qg6 19. Nf5 Nxf4 20. Qxf4 Bf8 21. Re3
Kh8 22. Nh4 Qg5 23. Qxg5 hxg5 24. Nf5 Kg8 25. Rg3 f6 26. h4 gxh4 27. Nxh4 Kf7
28. c4 c6 29. Nf5 d5 30. exd5 cxd5 31. Ne3 Bd6 32. Rh3 dxc4 33. dxc4 Be5 34. Nd5
Bxb2 35. g4 Rh8 36. Kg2 Rxh3 37. Kxh3 Be5 38. g5 Ke6 39. gxf6 gxf6 40. Rg1 Rh8+
41. Kg2 Rg8+ 42. Kf1 Rxg1+ 43. Kxg1 Kf5 44. Kf2 Ke4 45. Ke2 f5 46. Ne7 f4 47.
Ng6 f3+ 48. Kf1 Bd6 49. Nh4 Be7 50. Ng6 Bf6 51. Nf8 Bd4 52. Ne6 Kd3 53. Nd8 b6
54. Nc6 Kc3 55. Nb8 a5 56. Nc6 Bc5 57. Ne5 f2 58. Nd7 Bd4 0-1

[Event "FIDE World Bl Team Pool D"]
[Site "London ENG"]
[Date "2025.06.14"]
[Round "11.5"]
[White "Lesbekova, Assel"]
[Black "Arakhamia-Grant, Ketevan"]
[Result "1-0"]
[WhiteTitle "WCM"]
[BlackTitle "GM"]
[WhiteElo "1948"]
[BlackElo "2269"]
[WhiteTeam "Noval Group Kyrgyzstan"]
[BlackTeam "Perfect"]
[WhiteFideId "13713248"]
[BlackFideId "13600168"]
[EventDate "2025.06.14"]
[EventType "team"]

1. d4 Nf6 2. Bf4 g6 3. Nc3 Bg7 4. e4 d6 5. h4 h5 6. Be2 c6 7. a4 Qa5 8. Qd2 e5
9. dxe5 dxe5 10. Bg3 Nbd7 11. Nf3 O-O 12. O-O Ng4 13. Ng5 Ndf6 14. Kh1 Rd8 15.
Qe1 Nh7 16. Nxh7 Kxh7 17. Bc4 Qc7 18. f3 Nf6 19. f4 exf4 20. Bxf4 Qe7 21. e5 Ng4
22. Bg5 Qc7 23. Bxd8 Qxd8 24. Rd1 1-0

[Event "FIDE World Bl Team Pool D"]
[Site "London ENG"]
[Date "2025.06.14"]
[Round "11.1"]
[White "Kohlmann, Robert"]
[Black "Balogh, Csaba"]
[Result "0-1"]
[BlackTitle "GM"]
[WhiteElo "2026"]
[BlackElo "2544"]
[WhiteTeam "REY AHOGADO"]
[BlackTeam "Team Hungary"]
[WhiteFideId "14900467"]
[BlackFideId "718939"]
[EventDate "2025.06.14"]
[EventType "team"]

1. e4 c5 2. Nf3 e6 3. d3 Nc6 4. g3 g6 5. Bg2 Bg7 6. O-O Nge7 7. Nbd2 O-O 8. c3
d5 9. Re1 Qc7 10. Qe2 d4 11. e5 dxc3 12. bxc3 Nd5 13. Bb2 b6 14. Ne4 Nxe5 15. c4
Nxf3+ 16. Bxf3 f5 17. Bxg7 Qxg7 18. cxd5 fxe4 19. Bxe4 Rb8 20. dxe6 Bxe6 21.
Bxg6 Qxg6 22. Qxe6+ Qxe6 23. Rxe6 Rbd8 24. Re7 Rf7 25. Rae1 Rxd3 26. Kf1 c4 27.
Rxf7 Kxf7 28. Re4 b5 29. Ke2 Ra3 0-1

[Event "FIDE World Bl Team Pool D"]
[Site "London ENG"]
[Date "2025.06.14"]
[Round "11.2"]
[White "Kantor, Gergely"]
[Black "Medal Paves, Jose Maria"]
[Result "1-0"]
[WhiteTitle "GM"]
[WhiteElo "2584"]
[BlackElo "1968"]
[WhiteTeam "Team Hungary"]
[BlackTeam "REY AHOGADO"]
[WhiteFideId "751499"]
[BlackFideId "24501492"]
[EventDate "2025.06.14"]
[EventType "team"]

1. Nf3 Nf6 2. b3 g6 3. Bb2 Bg7 4. c4 d6 5. g3 O-O 6. Bg2 c5 7. O-O Nc6 8. d4 Bg4
9. d5 Bxf3 10. Bxf3 Nd4 11. Bg2 Qd7 12. e3 Nf5 13. Nd2 Ne8 14. Qc1 Rb8 15. Bh3
Qc7 16. Bxf5 gxf5 17. e4 Qd7 18. Re1 fxe4 19. Nxe4 e5 20. Qd1 Nf6 21. Nxf6+ Bxf6
22. Qh5 Bg7 23. f4 f5 24. fxe5 dxe5 25. Bxe5 Rbe8 26. Bxg7 Qxg7 27. Rad1 Rxe1+
28. Rxe1 f4 29. Qf3 Qd4+ 30. Kg2 fxg3 31. Qxg3+ Kh8 32. Qe5+ Qxe5 33. Rxe5 Rc8
34. Re7 b5 35. Rxa7 bxc4 36. bxc4 Rb8 37. Rc7 Rb2+ 38. Kg3 1-0

[Event "FIDE World Bl Team Pool D"]
[Site "London ENG"]
[Date "2025.06.14"]
[Round "11.3"]
[White "Schneider Sanchez, Carlos D."]
[Black "Erdos, Viktor"]
[Result "0-1"]
[BlackTitle "GM"]
[WhiteElo "2003"]
[BlackElo "2545"]
[WhiteTeam "REY AHOGADO"]
[BlackTeam "Team Hungary"]
[WhiteFideId "22230440"]
[BlackFideId "719978"]
[EventDate "2025.06.14"]
[EventType "team"]

1. Nf3 Nf6 2. b3 g6 3. Bb2 Bg7 4. g3 d6 5. d4 c5 6. Bg2 cxd4 7. Nxd4 d5 8. O-O
O-O 9. Nd2 e5 10. N4f3 e4 11. Nd4 e3 12. fxe3 Ng4 13. Rf3 Re8 14. Nf1 Nd7 15. h3
Nge5 16. Qd2 Nc5 17. Rd1 Ne4 18. Qe1 Qb6 19. Kh2 Nxf3+ 20. exf3 Nc5 21. Qf2 Bd7
22. Nd2 Rac8 23. c4 Nd3 0-1

[Event "FIDE World Bl Team Pool D"]
[Site "London ENG"]
[Date "2025.06.14"]
[Round "11.4"]
[White "Kozak, Adam"]
[Black "Henriquez Garcia, David"]
[Result "1-0"]
[WhiteTitle "GM"]
[WhiteElo "2587"]
[BlackElo "1905"]
[WhiteTeam "Team Hungary"]
[BlackTeam "REY AHOGADO"]
[WhiteFideId "753246"]
[BlackFideId "2204320"]
[EventDate "2025.06.14"]
[EventType "team"]

1. d4 d5 2. c4 e6 3. Nc3 Nf6 4. cxd5 exd5 5. Bg5 Be7 6. e3 Nbd7 7. Bd3 h6 8. Bf4
c6 9. Nf3 O-O 10. h3 Re8 11. Qc2 Nf8 12. Ne5 Bd6 13. Bh2 c5 14. O-O c4 15. Be2
a6 16. a4 g6 17. Bf3 Bf5 18. Qd1 Bc7 19. b3 Ba5 20. Rc1 Rc8 21. bxc4 Bxc3 22.
Rxc3 Qa5 23. Rc1 dxc4 24. Nxc4 Qb4 25. Nd6 Rxc1 26. Qxc1 Rd8 27. Nxf5 gxf5 28.
Qb1 Qxb1 29. Rxb1 b5 30. axb5 axb5 31. Rxb5 Rc8 32. Bg3 1-0

[Event "FIDE World Bl Team Pool D"]
[Site "London ENG"]
[Date "2025.06.14"]
[Round "11.5"]
[White "Cujba, Anca-Claudia"]
[Black "Gaal, Zsoka"]
[Result "0-1"]
[BlackTitle "WGM"]
[WhiteElo "1741"]
[BlackElo "2391"]
[WhiteTeam "REY AHOGADO"]
[BlackTeam "Team Hungary"]
[WhiteFideId "1215612"]
[BlackFideId "777765"]
[EventDate "2025.06.14"]
[EventType "team"]

1. e4 c6 2. d3 d5 3. Nf3 g6 4. Bd2 Bg7 5. Bc3 d4 6. Bd2 c5 7. h3 Nc6 8. g3 e5 9.
Bg2 Nge7 10. O-O O-O 11. Qe2 h6 12. Kh2 Be6 13. Ng1 f5 14. f4 Qd7 15. Nf3 fxe4
16. Qxe4 Bd5 17. Qe2 exf4 18. Bxf4 Rae8 19. Qd2 Nf5 20. Na3 Ne3 21. Bxe3 dxe3
22. Qe2 Bxb2 23. c4 Bxf3 24. Bxf3 Bxa1 25. Rxa1 Nd4 26. Bd5+ Qxd5 27. cxd5 Nxe2
28. Rb1 Rf2+ 29. Kh1 Nxg3+ 30. Kg1 Ref8 31. Rxb7 Ne2+ 32. Kh1 Rf1+ 33. Kh2 R8f2# 0-1

[Event "FIDE World Bl Team Pool D"]
[Site "London ENG"]
[Date "2025.06.14"]
[Round "11.1"]
[White "Nogerbek, Kazybek"]
[Black "Amartuvshin, Ganzorig"]
[Result "1-0"]
[WhiteTitle "GM"]
[BlackTitle "IM"]
[WhiteElo "2538"]
[BlackElo "2430"]
[WhiteTeam "Barys.kz"]
[BlackTeam "Mongolia-A"]
[WhiteFideId "13710427"]
[BlackFideId "4902548"]
[EventDate "2025.06.14"]
[EventType "team"]

1. Nf3 Nf6 2. g3 g6 3. Bg2 Bg7 4. O-O O-O 5. d4 d6 6. Nc3 Nbd7 7. a4 a5 8. e4 e5
9. h3 c6 10. Re1 Re8 11. Be3 exd4 12. Bxd4 Qc7 13. Qd2 Ne5 14. Nh2 h5 15. b3
Ned7 16. Rad1 Rb8 17. Ba7 Ra8 18. Be3 Nc5 19. Bf4 Nfd7 20. Bxd6 Qb6 21. Nf3 Qb4
22. e5 Qb6 23. Qe3 Bf8 24. Bxf8 Rxf8 25. Ng5 Re8 26. Qf4 Re7 27. Nce4 Nxe4 28.
Nxe4 Qc7 29. e6 Qxf4 30. exd7 1-0

[Event "FIDE World Bl Team Pool D"]
[Site "London ENG"]
[Date "2025.06.14"]
[Round "11.2"]
[White "Munkhdalai, Amilal"]
[Black "Makhnev, Denis"]
[Result "1/2-1/2"]
[WhiteTitle "IM"]
[BlackTitle "GM"]
[WhiteElo "2385"]
[BlackElo "2531"]
[WhiteTeam "Mongolia-A"]
[BlackTeam "Barys.kz"]
[WhiteFideId "4903250"]
[BlackFideId "13707647"]
[EventDate "2025.06.14"]
[EventType "team"]

1. e4 e5 2. Nf3 Nc6 3. Bb5 a6 4. Ba4 Nge7 5. O-O g6 6. c3 Bg7 7. d4 exd4 8. cxd4
b5 9. Bc2 d5 10. exd5 Nb4 11. Bb3 Nbxd5 12. Re1 O-O 13. h3 h6 14. Nc3 Nxc3 15.
bxc3 Nd5 16. Ba3 b4 17. cxb4 Nc3 18. Qd2 Nb5 19. Bb2 Bb7 20. d5 Rb8 21. Bxg7
Kxg7 22. a4 Nd6 23. Rac1 Ba8 24. Ne5 Re8 25. Ng4 h5 26. Rxe8 Nxe8 27. Qd4+ f6
28. Ne3 Qd6 29. Rc4 Rd8 30. Rc5 Qe7 31. Bc2 Bb7 32. Qd3 Qf7 33. Qc3 Rd7 34. a5
Nd6 35. Bd3 Kg8 36. Qd4 Re7 37. b5 axb5 38. Bxb5 f5 39. a6 Nxb5 40. Rxb5 Bxa6
41. Rb8+ Re8 42. Rxe8+ Qxe8 43. Qf6 Bb7 44. h4 Qf7 45. Qd8+ Kh7 46. g3 f4 47.
gxf4 Qxf4 48. Qe7+ Kh6 49. Qe8 Qf6 50. Qe4 Kg7 51. Qc4 Qe5 52. Qc5 Kf7 53. Nc4
Qxd5 54. Qxc7+ Kg8 55. Qb8+ Kh7 56. Qc7+ Kh6 57. Qf4+ Kg7 58. Qc7+ Kf6 59. Qf4+
Ke6 60. Qe3+ Kf7 61. Qf4+ Ke7 62. Qe3+ Kd8 63. Qg5+ Qxg5+ 64. hxg5 Ke7 65. Ne5
Be4 66. f3 Ke6 67. Nc4 Bxf3 68. Kf2 Bd5 69. Ne3 h4 70. Kg1 Ke5 71. Kh2 Be6 72.
Ng2 h3 73. Nh4 Bf5 74. Nxf5 Kxf5 75. Kxh3 Kf4 76. Kh4 Kf5 77. Kh3 Kxg5 78. Kg3
Kf5 79. Kf3 g5 80. Kg3 g4 81. Kg2 Kf4 82. Kf2 g3+ 83. Kg2 Kg4 84. Kg1 Kf3 85.
Kf1 Kf4 86. Kg2 Kg4 87. Kg1 Kh3 88. Kh1 g2+ 89. Kg1 Kg3 1/2-1/2

[Event "FIDE World Bl Team Pool D"]
[Site "London ENG"]
[Date "2025.06.14"]
[Round "11.3"]
[White "Mamedov, Edgar"]
[Black "Munkhzul, Turmunkh"]
[Result "0-1"]
[WhiteTitle "IM"]
[BlackTitle "WGM"]
[WhiteElo "2509"]
[BlackElo "2236"]
[WhiteTeam "Barys.kz"]
[BlackTeam "Mongolia-A"]
[WhiteFideId "13739980"]
[BlackFideId "4901878"]
[EventDate "2025.06.14"]
[EventType "team"]

1. d4 Nf6 2. c4 e6 3. Nf3 d5 4. Nc3 Bb4 5. cxd5 exd5 6. Bg5 c6 7. Qc2 O-O 8. e3
Re8 9. Bd3 h6 10. Bh4 Nbd7 11. O-O Be7 12. Ne5 Nxe5 13. dxe5 Ng4 14. Bg3 Bf8 15.
Rad1 Nxe5 16. Bh7+ Kh8 17. Bf5 Qf6 18. Bxc8 Raxc8 19. e4 dxe4 20. Qxe4 Ng6 21.
Qa4 a6 22. Rd7 Re7 23. Qd1 Rce8 24. Rxe7 Qxe7 25. h3 Qe6 26. Qd3 Bb4 27. Rd1
Bxc3 28. bxc3 Qxa2 29. Qd7 Qe2 30. Rd2 Qe7 31. Qd3 a5 32. Kh2 a4 33. Qc4 Ra8 34.
Bd6 Qe6 35. Qb4 b5 36. Qc5 Rc8 37. Bg3 Ne7 38. Rd6 Qe4 39. Rd7 Nf5 40. Rxf7 Nxg3
41. fxg3 Qd5 42. Qe7 Rg8 43. Rf2 Qc4 44. Rf3 c5 45. Re3 a3 46. Qa7 b4 47. cxb4
cxb4 48. Re5 a2 49. Ra5 b3 50. Qf2 Qc2 51. Qd4 b2 52. Ra6 b1=Q 53. Rxh6+ Qh7 0-1

[Event "FIDE World Bl Team Pool D"]
[Site "London ENG"]
[Date "2025.06.14"]
[Round "11.4"]
[White "Gan-Od, Sereenen"]
[Black "Agmanov, Zhandos"]
[Result "0-1"]
[WhiteTitle "FM"]
[BlackTitle "IM"]
[WhiteElo "2320"]
[BlackElo "2481"]
[WhiteTeam "Mongolia-A"]
[BlackTeam "Barys.kz"]
[WhiteFideId "4901304"]
[BlackFideId "13708309"]
[EventDate "2025.06.14"]
[EventType "team"]

1. d4 Nf6 2. Nf3 d5 3. Bf4 c5 4. e3 Nc6 5. Bd3 Bg4 6. c3 e6 7. Nbd2 Bd6 8. Bg3
O-O 9. O-O e5 10. dxe5 Nxe5 11. Be2 Nc6 12. Qa4 Re8 13. Rad1 Bxg3 14. hxg3 Qb6
15. Qb3 Rad8 16. Qxb6 axb6 17. Rfe1 h6 18. a3 Bf5 19. Nf1 g5 20. Bd3 Bg4 21.
N1h2 Be6 22. Bb5 Kg7 23. Nf1 Ne4 24. N1d2 f5 25. Nh2 Bf7 26. Be2 Ne5 27. g4 fxg4
28. Nxg4 Nxg4 29. Bxg4 Nf6 30. Be2 Bg6 31. Bb5 Re6 32. Nf1 Bc2 33. Rd2 Bb3 34.
Bd3 Ba4 35. Ng3 Ng8 36. Bf5 Red6 37. Nh5+ Kf7 38. g4 Bd7 39. Ng3 Ba4 40. Bd3 Ne7
41. Bf1 Bd7 42. f3 Be6 43. Bd3 Nc6 44. Kf2 Ne5 45. Be2 Rf8 46. Rh1 Kg7 47. Kg2
Rdd8 48. Nh5+ Kf7 49. Ng3 Kg7 50. Nh5+ Kf7 51. Ng3 Kg7 52. Nh5+ Kf7 53. Kg3 Nc6
54. f4 d4 55. exd4 cxd4 56. f5 Bb3 57. cxd4 Rxd4 58. Rxd4 0-1